Analýza metód cenotvorby vybraného produktu

Charakteristika vybranej firmy a jej podnikateľských aktivít. Cenotvorba na konkrétnom príklade firmy. Finančné hospodárenie firmy s dôrazom na vybrané ukazovatele (celkové tržby, tržby z predaja vlastných značiek a zisk) firmy Kaufland Slovenská republika. Výpočty v cenotvorbe a cenovej stratégii p...

Descripción completa

Guardado en:
Detalles Bibliográficos
Autor principal: Kufelová, Iveta, 1970-
Otros Autores: Stašek, Miroslav Erik
Formato: Capítulo de libro
Lenguaje:eslovaco
Materias:
Etiquetas: Agregar Etiqueta
Sin Etiquetas, Sea el primero en etiquetar este registro!

MARC

LEADER 00000naa$a2200000$$$4500
001 0270491
005 20240502074235.1
041 0 |a slo 
044 |a SK 
245 1 0 |a Analýza metód cenotvorby vybraného produktu  |c Iveta Kufelová, Miroslav Erik Stašek 
520 |a Charakteristika vybranej firmy a jej podnikateľských aktivít. Cenotvorba na konkrétnom príklade firmy. Finančné hospodárenie firmy s dôrazom na vybrané ukazovatele (celkové tržby, tržby z predaja vlastných značiek a zisk) firmy Kaufland Slovenská republika. Výpočty v cenotvorbe a cenovej stratégii produktov firmy na základe interných dokumentov firmy a dát zo stránky FinStat. Metódy využité firmou pri stanovení ceny. Interpretovanie výsledkov pomocou grafov, obrázkov a tabuliek. 
610 2 0 |a tvorba cien 
610 2 0 |a štruktúra cien 
610 2 0 |a stratégia cenová 
610 2 0 |a politika cenová 
610 2 0 |a kalkulácia cenová 
610 2 0 |a ukazovatele cenové 
610 2 0 |a náklady a ceny 
610 2 0 |a firmy 
610 2 0 |a Slovensko 
100 1 |a Kufelová, Iveta, 1970- 
700 1 |a Stašek, Miroslav Erik